000 01170nam a2200289Ia 4500
001 ebr10186014
003 CaPaEBR
006 m u
007 cr cn|||||||||
008 970425s2006 enka sb 001 0 eng d
020 _z9780750644501
040 _aCaPaEBR
_cCaPaEBR
035 _a(OCoLC)648300243
050 1 4 _aTN500
_b.W54 2006eb
100 1 _aWills, B. A.
_q(Barry Alan)
245 1 0 _aMineral processing technology
_h[electronic resource] :
_ban introduction to the practical aspects of ore treatment and mineral recovery /
_cB.A. Wills.
250 _a7th ed.
260 _aOxford ;
_aBoston :
_bButterworth-Heinemann,
_c2006.
300 _aviii, 444 p. :
_bill.
504 _aIncludes bibliographical references and index.
533 _aElectronic reproduction.
_bPalo Alto, Calif. :
_cebrary,
_d2009.
_nAvailable via World Wide Web.
_nAccess may be limited to ebrary affiliated libraries.
650 0 _aOre-dressing.
650 0 _aMinerals.
655 7 _aElectronic books.
_2local
710 2 _aebrary, Inc.
856 4 0 _uhttp://site.ebrary.com/lib/rucke/Doc?id=10186014
_zAn electronic book accessible through the World Wide Web; click to view
999 _c232512
_d232512